| 000 | 00878nam a22003017a 4500 | ||
|---|---|---|---|
| 003 | OSt | ||
| 005 | 20260521110752.0 | ||
| 008 | 260521b |||||||| |||| 00| 0 eng d | ||
| 020 | _a9789353164874 | ||
| 040 | _cIN-NITTTR | ||
| 082 |
_a624.1821 _bDUG/LIM |
||
| 100 | _aDuggal, S. K. | ||
| 245 |
_aLimit State Design of Steel Structures. _cby S. K. Duggal |
||
| 250 | _aThird | ||
| 260 |
_aChennai. _bMcGraw Hill Education(India) Pvt. Ltd. _c2024 |
||
| 300 | _axxiv, 995 p. | ||
| 650 | _aSteel Structures | ||
| 650 | _a Limit State Design | ||
| 650 | _a Structural Engineering | ||
| 650 | _aSteel Design | ||
| 650 | _aDesign of Steel Structures | ||
| 650 | _aLoad and Resistance Factor Design | ||
| 650 | _aStructural Analysis | ||
| 650 | _aCivil Engineering | ||
| 650 | _a Building Construction | ||
| 650 | _aStructural Stability | ||
| 942 |
_2ddc _cBK _n0 |
||
| 999 |
_c33461 _d33461 |
||